Suurimmat suomalaiset - Statistics

Yleistilastot
  • Tätä visaa on pelattu 152 kertaa
  • Keskiarvotulos 10 / 30
Vastaustilastot
Sijoitus Henkilö % Oikein
1. Carl Gustaf Emil Mannerheim
86%
3. Urho Kekkonen
85%
5. Tarja Halonen
80%
8. Jean Sibelius
67%
2. Risto Ryti
65%
21. Paavo Nurmi
58%
23. Juho Kusti Paasikivi
54%
9. Aleksis Kivi
53%
7. Mikael Agricola
49%
10. Elias Lönnrot
46%
11. Matti Nykänen
46%
15. Väinö Linna
46%
22. Minna Canth
42%
27. Miina Sillanpää
35%
24. J.V. Snellman
33%
19. Tove Jansson
29%
6. Arvo Ylppö
23%
4. Adolf Ehrnrooth
17%
26. Arto Saari
16%
17. Spede
16%
28. Väinö Tanner
14%
13 Ville Valo
12%
25. Hertta Kuusinen
11%
14. Lalli
11%
16. Linus Torvalds
10%
12. Väinö Myllyrinne
10%
30. Kristfrid Ganander
2%
18. Pentti Linkola
2%
20. Veikko Hursti
2%
29. Lucina Hagman
1%
Ehtoja vastaavia visoja ei löytynyt
Tulosjakauma
Jokaisen tuloksen saaneiden osuus
Persentiili vastausten määrän mukaan
Tuloshistoriasi
Et ole pelannut tätä visaa